000 00658nam a2200241Ia 4500
003 GCL
008 140319s9999 xx 000 0 ara d
040 _aGCL /
_cGCL
082 0 4 _aط
_b001.2
_bم ح
245 1 0 _aالحديث عن دخول المدرسة
260 _aبيروت :
_bمكتبة لبنان ،
_c1980
300 _a ؛
_c16 سم
490 _aالحديث عن
_v0
650 0 4 _aالاطفال
650 0 4 _aالاسواق
650 0 4 _aالمدارس
650 0 4 _aالمساكن
650 0 4 _aالتثقيف الذاتى
650 0 4 _aالمعرفة
650 0 4 _aالحيوان
650 0 4 _aالحدائق
942 _2ddc
_cBK
999 _c33136
_d33136